عرض عادي
عرض مارك
- Haas, Reinhard
دخول Personal Name
001 - CONTROL NUMBER
- control field: 13340
003 - CONTROL NUMBER IDENTIFIER
- control field: AE-AdECS
005 - DATE AND TIME OF LATEST TRANSACTION
- control field: 20250317100844.0
008 - FIXED-LENGTH DATA ELEMENTS
- fixed length control field: 250317|| aca||aabn | a|a d
040 ## - CATALOGING SOURCE
- Original cataloging agency: AE-AdECS
- Transcribing agency: AE-AdECS
100 ## - HEADING--PERSONAL NAME
- Personal name: Haas, Reinhard
670 ## - SOURCE DATA FOUND
- Source citation: Work cat.: (AE-AdECS)289624: Sustainable energy access for communities :
